05335 2201669 4500001002100000005001500021035002000036008004100056020002000097041000800117082000800125084001400133100001800147700001800165245005600183250001100239260003900250300003400289520039200323650001300715990002400728990002500752990002500777990002500802990002400827990002400851990002400875990002400899990002400923990002400947990002400971990002400995990002401019990002501043990002501068990002501093990002401118990002401142990002401166990002401190990002401214990002401238990002401262990002401286990002501310990002501335990002501360990002401385990002401409990002401433990002401457990002401481990002401505990002501529990002401554990002501578990002501603990002401628990002401652990002401676990002401700990002401724990002401748990002401772990002401796990002401820990002501844990002501869990002501894990002401919990002401943990002401967990002401991990002402015990002402039990002402063990002402087990002502111990002502136990002502161990002402186990002402210990002402234990002402258990002402282990002402306990002402330990002402354990002502378990002502403990002502428990002402453990002402477990002402501990002402525990002402549990002402573990002402597990002402621990002502645990002502670990002502695990002402720990002402744990002402768990002402792990002402816990002402840990002502864990002402889990002502913990002502938990002402963990002402987990002403011990002403035990002403059990002403083990002403107990002503131990002403156990002503180990002503205990002403230990002403254990002403278990002403302990002403326990002403350990002403374990002403398990002503422990002503447990002503472990002403497990002403521990002403545990002403569990002403593990002403617990002403641INLIS00000000000006020221114084053 a0010-0520000060221114 | | ind  a978-979-1210-01 aind a811 a811 LAI a0 aLaica Marzuki0 aWs. Koentjoro1 aAntologi Puisi Dua Meretas Ilalang /cLaica Marzuki aCet.1. aJakarta :bKonstitusi Press,c2007 aXIV, 54 hlm. ; 21 cm ;c21 cm aKumpulan puisi ini unik karena ditulis oleh wakil ketua Mahkamah Konstitusi Republik Indonesia Prof. Dr. H.M. Laica Marzuki dan pegawai Mahkamah Konstitusi WS. Koentjoro. Buku ini merupakan buah perenungan tiada henti yang merekam pernik-pernik kehidupan warga, khususnya tentang hukum di Indonesia. Buku ini berisi puisi-puisi tentang penegakan hukum dan keadilan, dengan nada kritikal. 4a1. Puisi a06473/MKRI-P/X-2007 a005569/MKRI-P/V-2008 a005570/MKRI-P/V-2008 a005572/MKRI-P/V-2008 a05573/MKRI-P/V-2008 a05574/MKRI-P/V-2008 a05575/MKRI-P/V-2008 a05576/MKRI-P/V-2008 a05568/MKRI-P/V-2008 a05571/MKRI-P/V-2008 a05577/MKRI-P/V-2008 a05574/MKRI-P/V-2008 a06473/MKRI-P/X-2007 a005569/MKRI-P/V-2008 a005570/MKRI-P/V-2008 a005572/MKRI-P/V-2008 a05573/MKRI-P/V-2008 a05575/MKRI-P/V-2008 a05576/MKRI-P/V-2008 a05568/MKRI-P/V-2008 a05571/MKRI-P/V-2008 a05577/MKRI-P/V-2008 a05571/MKRI-P/V-2008 a06473/MKRI-P/X-2007 a005569/MKRI-P/V-2008 a005570/MKRI-P/V-2008 a005572/MKRI-P/V-2008 a05573/MKRI-P/V-2008 a05574/MKRI-P/V-2008 a05575/MKRI-P/V-2008 a05576/MKRI-P/V-2008 a05568/MKRI-P/V-2008 a05577/MKRI-P/V-2008 a005572/MKRI-P/V-2008 a06473/MKRI-P/X-2007 a005569/MKRI-P/V-2008 a005570/MKRI-P/V-2008 a05573/MKRI-P/V-2008 a05574/MKRI-P/V-2008 a05575/MKRI-P/V-2008 a05576/MKRI-P/V-2008 a05568/MKRI-P/V-2008 a05571/MKRI-P/V-2008 a05577/MKRI-P/V-2008 a05577/MKRI-P/V-2008 a06473/MKRI-P/X-2007 a005569/MKRI-P/V-2008 a005570/MKRI-P/V-2008 a005572/MKRI-P/V-2008 a05573/MKRI-P/V-2008 a05574/MKRI-P/V-2008 a05575/MKRI-P/V-2008 a05576/MKRI-P/V-2008 a05568/MKRI-P/V-2008 a05571/MKRI-P/V-2008 a05568/MKRI-P/V-2008 a06473/MKRI-P/X-2007 a005569/MKRI-P/V-2008 a005570/MKRI-P/V-2008 a005572/MKRI-P/V-2008 a05573/MKRI-P/V-2008 a05574/MKRI-P/V-2008 a05575/MKRI-P/V-2008 a05576/MKRI-P/V-2008 a05571/MKRI-P/V-2008 a05577/MKRI-P/V-2008 a05576/MKRI-P/V-2008 a06473/MKRI-P/X-2007 a005569/MKRI-P/V-2008 a005570/MKRI-P/V-2008 a005572/MKRI-P/V-2008 a05573/MKRI-P/V-2008 a05574/MKRI-P/V-2008 a05575/MKRI-P/V-2008 a05568/MKRI-P/V-2008 a05571/MKRI-P/V-2008 a05577/MKRI-P/V-2008 a05575/MKRI-P/V-2008 a06473/MKRI-P/X-2007 a005569/MKRI-P/V-2008 a005570/MKRI-P/V-2008 a005572/MKRI-P/V-2008 a05573/MKRI-P/V-2008 a05574/MKRI-P/V-2008 a05576/MKRI-P/V-2008 a05568/MKRI-P/V-2008 a05571/MKRI-P/V-2008 a05577/MKRI-P/V-2008 a005570/MKRI-P/V-2008 a06473/MKRI-P/X-2007 a005569/MKRI-P/V-2008 a005572/MKRI-P/V-2008 a05573/MKRI-P/V-2008 a05574/MKRI-P/V-2008 a05575/MKRI-P/V-2008 a05576/MKRI-P/V-2008 a05568/MKRI-P/V-2008 a05571/MKRI-P/V-2008 a05577/MKRI-P/V-2008 a005569/MKRI-P/V-2008 a06473/MKRI-P/X-2007 a005570/MKRI-P/V-2008 a005572/MKRI-P/V-2008 a05573/MKRI-P/V-2008 a05574/MKRI-P/V-2008 a05575/MKRI-P/V-2008 a05576/MKRI-P/V-2008 a05568/MKRI-P/V-2008 a05571/MKRI-P/V-2008 a05577/MKRI-P/V-2008 a06473/MKRI-P/X-2007 a005569/MKRI-P/V-2008 a005570/MKRI-P/V-2008 a005572/MKRI-P/V-2008 a05573/MKRI-P/V-2008 a05574/MKRI-P/V-2008 a05575/MKRI-P/V-2008 a05576/MKRI-P/V-2008 a05568/MKRI-P/V-2008 a05571/MKRI-P/V-2008 a05577/MKRI-P/V-2008